000
00408nam a22001697a 4500
003
MPLRDC
005
20220104142728.0
008
210129b ||||| |||| 00| 0 eng d
082
_a
857.44 ZYCB
100
_a
不详
245
_a
征东征西扫北
_c
260
_a
_b
智扬出版社
_c
1992
300
_b
精
490
_a
中国古典文学名著
650
_a
章回小说
942
_c
BK
_o
857.44 ZYCB
999
_c
33242
_d
33232